Svetový summit o trvalo udržateľnom rozvoji Johannesburg 2002
Porovnanie svetového summitu o TUR /2002 v Johannesburgu/ so summitom Zeme /1992 v Rio de Janeiro/. Prehľadné hodnotenie Implementačného plánu : Eliminácia chudoby, voda a sanitácia, poľnohospodárstvo a rybolov, životné prostredie, energia. Kľúčové iniciatívy a dobrovoľné záväzky zverejnené v Johann...
Gespeichert in:
| 1. Verfasser: | |
|---|---|
| Format: | Buchkapitel |
| Sprache: | Slowakisch |
| Schlagworte: | |
| Tags: |
Keine Tags, Fügen Sie das erste Tag hinzu!
|
MARC
| LEADER | 00000naa$a2200000$$$4500 | ||
|---|---|---|---|
| 001 | 0020527 | ||
| 005 | 20230810111638.0 | ||
| 041 | 0 | |a slo | |
| 044 | |a SK | ||
| 245 | 1 | 0 | |a Svetový summit o trvalo udržateľnom rozvoji Johannesburg 2002 |c Mikuláš Huba |
| 520 | |a Porovnanie svetového summitu o TUR /2002 v Johannesburgu/ so summitom Zeme /1992 v Rio de Janeiro/. Prehľadné hodnotenie Implementačného plánu : Eliminácia chudoby, voda a sanitácia, poľnohospodárstvo a rybolov, životné prostredie, energia. Kľúčové iniciatívy a dobrovoľné záväzky zverejnené v Johannesburgu. | ||
| 610 | 2 | 0 | |a rozvoj trvalo udržateľný |
| 610 | 2 | 0 | |a summity |
| 610 | 2 | 0 | |a Johannesburg |
| 610 | 2 | 0 | |a 2002 |
| 100 | 1 | |a Huba, Mikuláš | |